|
|
|
|
| LEADER |
00000nam0a2200000 4500 |
| 001 |
377095 |
| 005 |
20231102012900.0 |
| 035 |
|
|
|a (RuTPU)RU\TPU\retro\34541
|
| 090 |
|
|
|a 377095
|
| 100 |
|
|
|a 20230208d1978 m y0rusy50 ca
|
| 101 |
0 |
|
|a rus
|
| 102 |
|
|
|a RU
|
| 105 |
|
|
|a a j 001zy
|
| 200 |
1 |
|
|a Минералогия и геохимия урана
|e учебное пособие
|f В. Я. Терехов
|g Московский геологоразведочный институт
|
| 210 |
|
|
|a Москва
|c [Б. и.]
|d 1978
|
| 215 |
|
|
|a 80 с.
|c ил.
|
| 320 |
|
|
|a Библиогр.: с. 77-79
|
| 606 |
1 |
|
|a Уран
|x Геохимия
|2 stltpush
|3 (RuTPU)RU\TPU\subj\80387
|9 88112
|
| 606 |
1 |
|
|a Уран
|x Минералогия
|2 stltpush
|3 (RuTPU)RU\TPU\subj\71184
|9 85209
|
| 610 |
1 |
|
|a физические свойства
|
| 610 |
1 |
|
|a химические свойства
|
| 610 |
1 |
|
|a геохимические особенности
|
| 610 |
1 |
|
|a распространенность
|
| 610 |
1 |
|
|a формы
|
| 610 |
1 |
|
|a горные породы
|
| 610 |
1 |
|
|a минералообразование
|
| 610 |
1 |
|
|a геохимическое поведение
|
| 610 |
1 |
|
|a гидротермальное минералообразование
|
| 610 |
1 |
|
|a пегматитовые процессы
|
| 610 |
1 |
|
|a экзогенные процессы
|
| 610 |
1 |
|
|a урановые месторождения
|
| 610 |
1 |
|
|a зоны окисления
|
| 610 |
1 |
|
|a учебные пособия
|
| 675 |
|
|
|a 550.42:546.7(075.8)
|v 4
|
| 675 |
|
|
|a 549.2(075.8)
|v 4
|
| 700 |
|
1 |
|a Терехов
|b В. Я.
|g Валентин Яковлевич
|
| 712 |
0 |
2 |
|a Московский геологоразведочный институт
|c (1930-1992)
|2 stltpush
|3 (RuTPU)RU\TPU\col\11261
|9 25000
|
| 801 |
|
1 |
|a RU
|b 63413507
|c 20230208
|
| 942 |
|
|
|c BK
|